| 000 | 00318nam a22001097a 4500 | ||
|---|---|---|---|
| 008 | 230629b xxu||||| |||| 00| 0 eng d | ||
| 082 |
_a338.9 _bTWB 2001 |
||
| 245 |
_aThe World Bank _bPerspectives on Development |
||
| 260 |
_bThe Creative Communications Group for the World Bank _c2001 |
||
| 300 | _a167p | ||
| 942 |
_2ddc _cBK |
||
| 999 |
_c2996 _d2996 |
||